Loading...
| Literature - American Literature | 4 | 2 | 0 | 1 | 80 | 23 | 68.00 | 3 | 5 |
| Literature - European Literature | 4 | 1 | 0 | 0 | 70 | 33 | 55.20 | 3 | 5 |
| Visual Arts | 3 | 1 | 2 | 0 | 45 | 69 | 77.00 | 2 | 4 |
| Auditory Arts | 1 | 2 | 0 | 1 | 35 | 57 | 92.67 | 1 | 1 |
| History - American History | 0 | 3 | 0 | 0 | 30 | 60 | 75.33 | 1 | 3 |
| Literature - British Literature | 1 | 1 | 0 | 1 | 25 | 49 | 70.00 | 2 | 2 |
| Beliefs | 1 | 0 | 0 | 0 | 15 | 35 | 35.00 | 1 | 1 |
| History - World History | 1 | 0 | 0 | 0 | 15 | 48 | 48.00 | 1 | 1 |
| Current Events | 1 | 0 | 0 | 0 | 15 | 22 | 22.00 | 1 | 1 |
| History - European History | 0 | 1 | 0 | 0 | 10 | 97 | 97.00 | 0 | 1 |
| Geography | 0 | 1 | 0 | 1 | 10 | 121 | 121.00 | 0 | 0 |
| Philosophy | 0 | 1 | 0 | 1 | 10 | 122 | 122.00 | 0 | 1 |
| Literature - World Literature | 1 | 0 | 2 | 0 | 5 | 36 | 36.00 | 1 | 1 |
| Fine Arts - Other Arts | 0 | 1 | 1 | 0 | 5 | 97 | 97.00 | 1 | 1 |